[Event "FIDE Grand Prix-I KO 2022"]
[Site "Berlin"]
[Date "2022.02.13"]
[Round "1.2"]
[White "Rapport, Richard"]
[Black "Nakamura, Hikaru"]
[Result "1/2-1/2"]
[WhiteElo "2763"]
[BlackElo "2736"]
[PlyCount "60"]
[EventDate "2022.02.12"]
[EventType "k.o."]
[EventCountry "GER"]
[SourceTitle "playchess.com"]
[Source "ChessBase"]
[SourceQuality "1"]

1. Nf3 d5 2. g3 Nf6 3. Bg2 e6 4. O-O Be7 5. d3 O-O 6. Nbd2 Nc6 7. d4 Ne4 8. c3
f5 9. Ne1 e5 10. Ndf3 (10. dxe5 Nxe5 11. Nd3 Ng6 12. c4 Be6 13. cxd5 Nxd2 14.
dxe6 Nxf1 15. Kxf1 c6 16. Qb3 Qb6 17. Qc4 Kh8 18. Be3 Qc7 19. f4 Rad8 20. Rc1
Bf6 {1/2-1/2 (49) Kramnik,V (2801)-Aronian,L (2792) Zuerich 2016}) 10... Bf6
11. e3 b6 (11... Kh8 $6 12. Nd3 exd4 13. exd4 Be6 14. h4 Ne7 15. Re1 Bg8 16.
Nfe5 Nc8 17. Bf4 Nb6 18. Qc2 Nd7 19. Rad1 Re8 20. Bh3 Be6 21. f3 Nd6 22. Nc5
Nf8 23. Re2 Bxh4 24. gxh4 Qxh4 25. Qd2 Nc4 26. Nxc4 Ng6 27. Bxc7 dxc4 28. Nxe6
Qxh3 29. Rh2 {1-0 (29) Rapport,R (2726)-Coenen,M (2364) Germany 2019}) 12. Nd3
Re8 13. Re1 Ba6 14. Bh3 $5 Bxd3 15. Qxd3 Qd7 16. Rd1 Rad8 17. b4 $6 Qe6 18. b5
Na5 19. dxe5 Bxe5 20. Nd4 Qh6 21. Bg2 Qf6 22. a4 Bxd4 $5 23. cxd4 c5 24. bxc6
Qxc6 25. Bd2 Nc4 26. Rdc1 Rc8 27. Be1 Qe6 28. Rcb1 a6 29. Rb3 Rc6 30. Rab1 g5
$1 1/2-1/2

[Event "FIDE Grand Prix-I KO 2022"]
[Site "Berlin"]
[Date "2022.02.13"]
[Round "1.2"]
[White "Dominguez Perez, Leinier"]
[Black "Aronian, Levon"]
[Result "1/2-1/2"]
[WhiteElo "2752"]
[BlackElo "2772"]
[PlyCount "61"]
[EventDate "2022.02.12"]
[EventType "k.o."]
[EventCountry "GER"]
[SourceTitle "playchess.com"]
[Source "ChessBase"]
[SourceQuality "1"]

1. e4 e5 2. Nf3 Nc6 3. Bc4 Nf6 4. d3 Be7 5. O-O O-O 6. Re1 d6 7. a4 Na5 8. Ba2
c5 9. c3 Nc6 10. Na3 Be6 11. Bxe6 fxe6 12. Bd2 a6 13. b4 cxb4 14. cxb4 d5 (
14... b5 15. axb5 axb5 16. Nxb5 Rxa1 17. Qxa1 Qb6 18. Na3 Ng4 19. Re2 Nxb4 20.
Qb1 d5 21. h3 Nxf2 22. Rxf2 Bc5 23. d4 Bxd4 {1/2-1/2 (48) Karjakin,S (2760)
-Kryvoruchko,Y (2669) Douglas ENG 2019}) 15. Nc2 (15. Qb3 Qb6 16. Nc2 Bc5 17.
Be3 Bxe3 18. Rxe3 Kh8 19. a5 Qa7 20. Qb2 {1/2-1/2 (35) Banik,S (2276)-Wang,J 
(2419) Burlingame 2019}) 15... b5 16. axb5 axb5 17. Rxa8 Qxa8 18. exd5 Nxd5 19.
Nxe5 Ncxb4 20. Nxb4 Nxb4 (20... Bxb4 21. Bxb4 Nxb4 $11) 21. Qb3 (21. Qb1 $1 Bc5
(21... Qa4 22. Bxb4 Bxb4 23. Re4 Qa7) 22. d4 Bxd4 23. Nf3) 21... Qd5 $1 22. Rb1
(22. Qxd5 Nxd5 23. Nc6 Ra8 $1 24. Rxe6 Bg5 $1 25. Ba5 Ne7 26. Nxe7+ Kf7) 22...
Qxe5 23. Bxb4 Bxb4 24. Qxb4 Qe2 25. Qc5 Qxd3 26. Qxb5 Qxb5 27. Rxb5 Rd8 28. g3
Kf7 29. Kg2 Kf6 30. h4 h6 31. Rb4 1/2-1/2